=LDR 00000nam 2200000 4500 =001 INLIS000000000030454 =005 20130612132610 =008 ***********************************Ind** =035 ##$$0010-061300000030454 =041 ##$$a Ind =082 ##$$a 373.7 =090 ##$$a 372.7, Dew p =100 ##$$a Dewi, Plona =245 ##$$a Pandai Berhitung 1, Berdasarkan kerikulum yang disempurnakan, Piona Dewi =260 ##$$a 1997 $b Semarang =300 ##$$a iv, 36 hlm, ilus, 21 cm =650 ##$$a Matematika =850 ##$$a NBPNMAT